000 00888nam a22002897a 4500
001 BR0306020
003 BR-BrBNA
005 20230928101458.0
007 ta
008 230509b bl.||||| |||| 00| 0 por d
040 _aBR-BrBNA
_bpor
_cBiblioteca Nacional de Agricultura
041 _a(Por)
072 _aQ02
_b1122
090 _ 1122 BR0306020
100 1 _aOliveira, E.C.M.
110 1 _aUniversidade Federal de Lavras, MG (Brasil)
_0Tese (Mestrado)
245 1 _aInfluência de sanitizantes na qualidade de mamão de safra e entressafra minimamente processado
260 3 _aLavras, MG (Brasil):
_c2001.
300 _a90 p.
500 _aSummaries (Eng, Por); Bibliography p. 65-75; 13 illus.; 15 tables
650 _aMAMÃO
650 _aPROCESSAMENTO MÍNIMO
650 _aQUALIDADE
650 _aHIDROGÊNIO
909 _a202309
_bLucia
_c55
_dLucia Elande
942 _cBK
999 _c66031
_d66031